000 00310 a2200157 4500
001 69062
020 _a8574881651
040 _cAnchieta - Itaigara
240 1 0 _aPinĂ³quio
_lpor
245 1 0 _aPinĂ³quio
300 _a16
362 0 _a0
440 1 _aGirassol
650 4 _aLiteratura infantil
942 _cBK
999 _c69062
_d69062